Direction of Trade Statistics Quarterly
Salvato in:
| Natura: | Periodico |
|---|---|
| Lingua: | inglese |
| Pubblicazione: |
Washington
IMF
1995
|
| Soggetti: | |
| Tags: |
Nessun Tag, puoi essere il primo ad aggiungerne!!
|
MARC
| LEADER | 00000nas2a2200000 4500 | ||
|---|---|---|---|
| 001 | s102216 | ||
| 005 | 20230606130026.7 | ||
| 022 | |a 0252-306X | ||
| 041 | 0 | |a eng | |
| 044 | |a US | ||
| 245 | 1 | 0 | |a Direction of Trade Statistics Quarterly |
| 264 | 1 | |a Washington |b IMF |c 1995 | |
| 300 | |a 1 zv. | ||
| 773 | 0 | |w eu_un_cat*s120128 | |
| 610 | 2 | 0 | |a ukazovatele štatistické |
| 610 | 2 | 0 | |a údaje štatistické medzinárodné |
| 610 | 2 | 0 | |a obchod medzinárodný |